00457cam a22001097a 4500008004000000082003100040100002500071245012200096260005700218300001100275440006100286180718b1982 xxu||||| |||| 00| 0 eng d aA81x54 In2/81/17/Pt13A&B/H aCensus of India 1981 aPunjab district census handbook, Hoshiarpur: village and town directory, village and townwise primary census abstract aChandigarhbPrinting and Stationery Departmentc1982 a371+p. aCensus of India 1981. Series-17, Punjab. Part XIII-A & B